000
00305nam a2200109Ia 4500
008
210430s9999 xx 000 0 und d
082
_a
668.92 Y671
100
_a
Robert J Young
_9
127725
245
_a
Introduction to polymers /
_c
Robert J Young
260
_a
London
_b
Chapman & Hall
_c
1981
942
_c
BK
_2
ddc
999
_c
563617
_d
563617